Chanés II : Opiate iya (todo tiene dueño) /

Catalina Huenán es docente auxiliar bilingüe del pueblo chané. La práctica de su lengua materna es un ejemplo de resistencia frente a las políticas educativas que la excluyen.

Guardado en:
Autor Principal: Rousso, Julián
Autor Corporativo: Canal Encuentro.
Formato: Deslizar
Publicado: Argentina, 2008
Series:Pueblos Originarios II
Materias:
Etiquetas: Agregar Etiqueta
Sin Etiquetas, Sea el primero en etiquetar este registro!
LEADER 00998ngm a22002895g 4500
001 CEM.cems024009
008 130507s2008##################0###0#####d
005 20250805161016.0
245 1 0 |a Chanés II :  |b Opiate iya (todo tiene dueño) /  |c Julián Rousso. 
260 |a Argentina,  |c 2008 
300 |a 28'. 
490 0 |a Pueblos Originarios II 
500 |a Consultar en ventanilla. 
538 |a Soporte: DVD - Grabación DRD 
520 |a Catalina Huenán es docente auxiliar bilingüe del pueblo chané. La práctica de su lengua materna es un ejemplo de resistencia frente a las políticas educativas que la excluyen. 
100 1 |a Rousso, Julián 
710 2 |a Canal Encuentro. 
082 3 0 |/ ROU-2 
653 |a SOCIEDAD 
653 |a PUEBLOS ORIGINARIOS 
653 |a ABORIGENES 
653 |a INDIGENAS 
653 |a INDIGENISMO 
653 |a ETNIAS 
653 |a CHANÉS 
653 |a SERIE DE TELEVISIÓN 
859 |a CEMS  |b BIB. CEMS - Depto. Recursos Didacticos  |h 301  |i ROU-2  |k DRD  |p 2652.16  |t Ej.1